Biblioteca

Antropología filosófica : introducción a una filosofía de la cultura / Ernst Cassirer ; Traducido por Eugenio Ímaz (Registro nro. 44905)

Detalles MARC
000 -LÍDER
Campo fijo de descripción fija 012440000a22002530004500
020 ## - NÚMERO INTERNACIONAL NORMALIZADO PARA LIBROS
Número Internacional Normalizado del libro 978-968-16-0300-7
041 0# - CÓDIGO DE IDIOMA
Código de idioma para texto/pista de sonido o título separado
082 04 - NÚMERO DE CLASIFICACIÓN DECIMAL DEWEY
Número de clasificación G 128.3 C3454a
001 - NÚMERO DE CONTROL
Campo de control 18476
100 1# - ASIENTO PRINCIPAL--NOMBRE PERSONAL
Nombre personal Cassirer, Ernst
245 10 - TÍTULO
Título del Material Antropología filosófica : introducción a una filosofía de la cultura / Ernst Cassirer ; Traducido por Eugenio Ímaz
250 ## - MENCIÓN DE EDICIÓN
Mención de edición Segunda edición
260 ## - PUBLICACIÓN, DISTRIBUCIÓN, ETC. (PIE DE IMPRENTA)
Lugar de publicación, distribución, etc. México : Fondo de Cultura Económica
300 ## - DESCRIPCIÓN FÍSICA
Extensión 335 páginas
336 ## - CONTENT TYPE
Content type term texto
Content type code txt
Source rdacontent
337 ## - MEDIA TYPE
Source rdamedia
Media type term sin mediación
Media type code n
338 ## - CARRIER TYPE
Source rdacarrier
Carrier type term volumen
Carrier type code nc
500 ## - NOTA GENERAL
Nota General Título original en inglés: Essay of Man
501 ## - NOTA DE “CON”
Nota de Contenido rústico
505 00 - NOTA DE CONTENIDO
Nota de contenido con formato preestablecido Prefacio -- ¿Qué es el hombre?: la crisis en el conocimiento del hombre -- Una clave de la naturaleza del hombre -- De las reacciones animales a las respuestas humanas -- El mundo humano del espacio y del tiempo -- Hechos e ideales -- El hombre y la cultura -- Definición del hombre en términos de la cultura -- Mito y religión -- El arte -- La historia -- La ciencia -- Resumen y conclusión
650 14 - ASIENTO SECUNDARIO DE MATERIA - TERMINO TEMÁTICO
Término temático o nombre geográfico como elemento de entrada ANTROPOLOGIA FILOSOFICA \ SIMBOLISMO \ CIVILIZACION - FILOSOFIA \ TEORIA DEL CONOCIMIENTO \ HOMBRE
942 ## - TIPO DE MATERIAL (KOHA)
Tipo de Item KOHA Libros General
Existencias
Estado de Material Estado de Perdido Estado de Dañado No para Préstamo Colección Tomo Biblioteca de Origen Biblioteca Permanente Fecha de Adquisición Total de Préstamos Total de Renovaciones Signatura Topográfica Código de Barras Última vez visto Última vez Préstado Ejemplar/Existencia Fecha de Remplazo Tipo de Material
        Colección General   Biblioteca FUSBC Biblioteca FUSBC 11/06/2014 4 4 G 128.3 C3454a 18469 21/04/2022 22/04/2021 1 26/01/2016 Libros General

Biblioteca FUSBC | Teléfono: (57+4) 349 88 10 Ext. 141| WhatsApp (+57) 3005338115 
E-mail: biblioteca@unisbc.edu.co | Calle 76 87-14 Robledo Palenque, Medellín, Colombia

Con tecnología Koha